00893nam a2200241Ia 4500003000900000008004100009020001800050040001600068080001900084245008400103260003500187300001500222490007000237650004100307650003200348650003000380650003100410700003300441700003200474942000700506999001500513952012300528IN-BaIIA211028s9999 xx 000 0 eng d a0-12-368848-5 cIIA Library a063:53bENF-48 0aPhysics of high energy densitybvol. 48cedited by P. Caldirola and H. Knoepfel aNew YorkbAcademic Pressc1971 axiv, 418p. aProceedings of the international school of physics "Enrico Fermi" aAstronomy and Astrophysics Thesaurus aHigh Energy Astronomy95353 aHigh energy physics92205 aNuclear Astrophysics92774 aCaldirola, Piero., ed.96935 aKnoepfel, Heinz., ed.96936 cBK c3896d3896 00104070aBANbBANcGENd1972-04-24g168.75l0o063:53/ ENF-48p4351r2021-11-05v168.75w1972-04-24yBKGRs. 168.75